000 01442cam a2200133 i 4500
020 _a9781476677750
040 _cDLC
082 0 0 _a327 INT 2003 C156 Or.
100 1 _aFrankum, Ronald Bruce,
245 1 0 _aElbridge Durbrow's War in Vietnam :
_bThe Ambassador's Influence on American Involvement, 1957-1961 /
300 _aviii, 263 pages :
_billustrations ;
_c23 cm
520 _a"Elbridge Durbrow served as the third United States ambassador to the Republic of Vietnam from 1957 to 1961. His relationships with Vietnamese president Ngô Đình Diệm and members of the Military Assistance Advisory Group in Saigon helped to shape his tenure in office, which ultimately concluded with his decision to end his support for the Vietnamese leader as well as turn away from the American military representatives who had earned Ngô Đình Diệm's trust. This triangular relationship between three competing entities was mired in clashes of ego and personality that often interfered with the American decision making process. Durbrow and his embassy staff, rather than work with the Vietnamese leadership, chose to focus on the negative and reported to Washington only those items that reinforced this perspective. They created an atmosphere of distrust and anxiety that neither the Americans nor Vietnamese could overcome in the 1960s and helped to create the conditions for greater United States involvement in Southeast Asia"--
942 _cAEDBB
999 _c18967
_d18967